000 00515nam a2200169Ia 4500
008 210716s1977 xx 000 0 und d
020 _a9780809105540
041 _aeng
082 _a658.4092 GRER
100 _aGreenleaf, Robert K.
245 _aServant leadership: a journey into the nature of legitimate power and greatness.
_bJourney into the nature of legitimate power and greatness.
250 _a1
260 _aNew York
_c1977
300 _ax,370
650 _aLeadership
700 _aSpears, Larry C.
999 _c206229
_d206229